000
00307nam a2200121Ia 4500
008
230907s9999||||xx |||||||||||||| ||und||
082
_a
720
_b
ZUK
100
_a
Zukowsky, John,
_9
115873
245
0
_a
Architecture inside-out :
300
_a
303 pages :
650
_a
Designs and plans.
_9
115874
942
_c
BK
999
_c
600027
_d
600027